| 000 | 00353nam a22001337a 4500 | ||
|---|---|---|---|
| 020 | _a9788184890761 | ||
| 082 |
_a664.07 _bVAR/BE |
||
| 100 | _aVarnam, Alan H | ||
| 245 | _aBeverages: technology, chemistry and microbiology | ||
| 260 |
_aNew Delhi _bSpringer (India) private limited _c2009 |
||
| 300 | _a464 | ||
| 700 | _aSutherland, Jane P | ||
| 942 | _cBK | ||
| 999 |
_c13661 _d13661 |
||